| 000 | 01527nam a2200361 c 4500 | ||
|---|---|---|---|
| 999 |
_c364631 _d364631 |
||
| 003 | BLK | ||
| 005 | 20250128005515.0 | ||
| 008 | 180409b bul|||||r ||||||| ||bul|| | ||
| 010 | _aKNG00122076000 | ||
| 020 | _a978-954-28-3115-0 | ||
| 040 | _aBLK | ||
| 041 |
_aBUL _cBUL |
||
| 080 |
_aВътрешна политика. Вж и 329 _b323 _z323(497.2) |
||
| 080 |
_aМеждународни политически отношения. Световна политика. Международна политика. Дипломация _b327 _z327(497.2) |
||
| 100 | 1 |
_aАгов, Асен Йорданов _9376426 |
|
| 139 |
_aАгов, Асен Йорданов _bА 24 |
||
| 245 | 1 | 0 |
_aДобър вечер, дами и господа! _bБягството на България към свободния свят _cАсен Йорданов Агов. |
| 257 | _aBGR | ||
| 260 |
_aСофия _bСиела Норма _c2020 _9217021 _n978-954-28- |
||
| 300 |
_a486 с. _c24 см |
||
| 380 | _a3 | ||
| 490 |
_aМеждународна политика _v1980/7 _9205006 |
||
| 650 | 0 |
_aБългария - вътрешна политика _9241559 |
|
| 653 | _aполитика | ||
| 653 | 7 |
_aполитически процеси _9194087 |
|
| 653 | 7 |
_aмеждународна политика _9190784 |
|
| 856 | 4 |
_qpdf _i0.00 _ldisable |
|
| 856 | 4 |
_qpdf _i0.00 _ldisable |
|
| 942 |
_cKNG _n0 _s1 _08 |
||
| 944 |
_aCR _c2020-05-27 _lCRON CRON _k |
||
| 999 | _d364631 | ||
| 999 | _d364631 | ||